Направления поисково-разведочных работ ОАО "Газпром" на континентальном шельфе России до 2003 г.; Нефтяное хозяйство; № 9

Dettagli Bibliografici
Parent link:Нефтяное хозяйство: научно-технический производственный журнал.— , 1925-1940, 1946-.— 0028-2448
№ 9.— 2004.— С. 62-64
Autore principale: Тимонин А. Н.
Lingua:russo
Pubblicazione: 2004
Serie:Освоение шельфа
Soggetti:
Natura: Capitolo di libro
KOHA link:https://koha.lib.tpu.ru/cgi-bin/koha/opac-detail.pl?biblionumber=397089

MARC

LEADER 00000naa2a2200000 4500
001 397089
005 20231101064836.0
035 |a (RuTPU)RU\TPU\prd\35754 
090 |a 397089 
100 |a 20050512a2004 k y0rusy50 ca 
101 0 |a rus 
102 |a RU 
200 1 |a Направления поисково-разведочных работ ОАО "Газпром" на континентальном шельфе России до 2003 г.  |f А. Н. Тимонин 
225 1 |a Освоение шельфа 
461 0 |0 (RuTPU)RU\TPU\prd\1638  |x 0028-2448  |t Нефтяное хозяйство  |o научно-технический производственный журнал  |d 1925-1940, 1946- 
463 0 |0 (RuTPU)RU\TPU\prd\28941  |t № 9  |v С. 62-64  |d 2004 
610 1 |a Россия 
610 1 |a континентальный шельф 
610 1 |a Газпром 
610 1 |a поисково-разведочные работы 
610 1 |a морские месторождения 
610 1 |a шельф арктических морей 
610 1 |a сейсморазведочные работы 
610 1 |a доразведка месторождений 
610 1 |a Карское море 
610 1 |a Баренцево море 
675 |a 622.276.1/.4.04  |v 3 
700 1 |a Тимонин  |b А. Н. 
801 1 |a RU  |b 63413507  |c 20050512  |g PSBO 
801 2 |a RU  |b 63413507  |c 20131028  |g RCR 
942 |c BK